000 00443nam a2200145Ia 4500
003 OSt
005 20260128145823.0
008 211028s2018 xx 000 0 und d
040 _cAIMIT LIBRARY
041 _aeng
100 _aBollamma MR; Dias, Beena.
_g1616026
_97783
245 _aStudy on factors leading to recruitment of unskilled workers in HP instruments Bangalore /
260 _aMangalore
_bLestan D Souza.
_c2018
942 _2ddc
_cPRO
999 _c219351
_d219351